[Event "UKR-chT 8th"]
[Site "Alushta"]
[Date "2000.04.14"]
[Round "5"]
[White "Stoockalov, Vladimir L"]
[Black "Ponomariov, Ruslan"]
[Result "0-1"]
[WhiteElo "2398"]
[BlackElo "2627"]
[PlyCount "72"]
[EventDate "2000.04.10"]
[EventType "team-swiss"]
[EventRounds "9"]
[EventCountry "UKR"]
[SourceTitle "EXT 2019"]
[Source "ChessBase"]
[SourceDate "2018.10.10"]
[SourceVersion "1"]
[SourceVersionDate "2018.10.10"]
[SourceQuality "1"]
[WhiteTeam "Pavlograd Tura"]
[BlackTeam "Donetsk region Momot"]
[WhiteTeamCountry "UKR"]
[BlackTeamCountry "UKR"]

1. e4 d6 2. d4 Nf6 3. Nc3 g6 4. g3 Bg7 5. Bg2 O-O 6. Nge2 e5 7. h3 c6 8. a4
exd4 $1 (8... Na6 9. Be3 $1 Re8 10. O-O Nb4 11. f4 $1 exd4 12. Bxd4 Bd7 13. Bf2
{+=}) 9. Nxd4 Re8 10. O-O Na6 11. Re1 (11. Kh2 $5) 11... Nb4 $132 {/\12...d5}
12. Bg5 $6 (12. a5 $142 d5 13. e5 Ne4 14. Nxe4 dxe4 15. c3 Nd3 16. Rxe4 Nxc1
17. Qxc1 (17. Rxc1 Qxa5 {~} (17... Rxe5 18. Rxe5 Bxe5 19. a6 {+=})) 17... Rxe5
18. Rxe5 Bxe5 19. a6 Bxd4 20. cxd4 Qxd4 {=}) (12. Bf4 d5 {=+} 13. exd5 $140
Rxe1+ 14. Qxe1 c5 15. Nce2 a5 {-+}) 12... h6 13. Bd2 a5 14. Re2 $1 Bd7 15. Be1
(15. Bf4 d5 16. exd5 Nfxd5 17. Nxd5 Nxd5 18. Rxe8+ Qxe8 19. Bxd5 cxd5 {=+ ^^})
15... Qb6 16. Rd2 d5 17. exd5 Nbxd5 18. Nxd5 Nxd5 19. c4 $1 (19. c3 $6 h5 $1
$36 {/\20...h4 ><>>}) 19... Nf6 (19... Nb4 $5 20. c5 $1 Qc7 (20... Qxc5 $2 21.
Nb3 Qf5 22. g4 $1 {+-} (22. Rxd7 $2 Rxe1+ 23. Qxe1 Qxd7 {-+})) 21. f4 Bf8 22.
Rc1 Rad8 23. Bf2 Bc8 {~ /=/+}) 20. f3 $1 {><Be1} Qc7 (20... Ng4 $5 21. c5 $1 (
21. fxg4 Bxd4+ 22. Bf2 Bxf2+ 23. Rxf2 Be6 24. Qc1 Qb3 25. Qxh6 Qxg3 {=+}) 21...
Qxc5 (21... Bxd4+ $6 {^^><>>} 22. Rxd4 Qxc5 23. Qd2 $1 Re2 24. Qxe2 Qxd4+ 25.
Kh1 Re8 26. Qd1 $1 (26. Qd2 Qxd2 27. Bxd2 Re2 28. Bxa5 Nf2+ {-/+}) 26... Qxd1
27. Rxd1 Nf6 28. Bxa5 {+=}) 22. fxg4 Bxd4+ 23. Kh1 Rad8 (23... Kh7 24. Rxd4
Rxe1+ 25. Qxe1 Qxd4 26. Rd1 Re8 27. Qf1 {+-}) 24. Rc1 Qb6 25. Rxd4 Rxe1+ 26.
Qxe1 Qxd4 27. Rd1 Qb4 $1 28. Qf2 $1 (28. Qxb4 axb4 29. a5 Kf8 30. Rd4 c5 31.
Rd2 Ke7 32. Rc2 Kd6 33. Bxb7 Bc6+ 34. Bxc6 Kxc6 {-/+}) 28... Qxa4 29. Rd6 {
~= ><Bd7,Rd8}) 21. Bf2 Rad8 22. Rc1 $6 (22. Qc2 $1 {~} Nh5 $140 23. f4 Qc8 24.
Kh2 c5 25. Nb5 Bf5 26. Qc1 {+=}) 22... h5 $1 $36 23. Rc3 Bh6 24. Rdd3 (24. f4
$6 h4 {-/+ ><>>}) 24... Bc8 25. g4 Bf4 26. b3 hxg4 27. hxg4 Bg3 28. Bxg3 Qxg3
29. Ne2 Qc7 30. Rxd8 Rxd8 31. Rd3 Re8 32. Qd2 Nd7 $1 {/\33...Nc5 ><Pb3} 33. Re3
Qb6 34. Kf2 (34. Nd4 Rd8 {-/+ |^><Nd4}) 34... Rd8 $1 35. Qd4 $2 (35. Qc3 $142
Nc5 36. Kg3 {=+}) 35... Nc5 36. Qc3 $4 (36. Qf6 Nd3+ 37. Kg3 (37. Kf1 Qxe3 38.
Qxd8+ Kh7 39. Qh4+ Kg7 {-+}) 37... Qxe3 38. Qxd8+ Kh7 39. Qxc8 (39. Qf6 Be6 40.
Nf4 Nxf4 41. Qxf4 Qxb3 {-+}) 39... Qe5+ 40. f4 (40. Kh3 Nf2+ 41. Kh4 Qh2+ 42.
Kg5 Kg7 {-+}) 40... Qxe2 41. Qxb7 Qf2+ 42. Kh2 Qxf4+ 43. Kg1 Qf2+ 44. Kh2 Ne5 {
-+}) 36... Nd3+ 0-1

[Event "UKR-chT 8th"]
[Site "Alushta"]
[Date "2000.04.17"]
[Round "8"]
[White "Ponomariov, Ruslan"]
[Black "Marchik, Nikolai"]
[Result "1-0"]
[WhiteElo "2627"]
[BlackElo "2310"]
[PlyCount "81"]
[EventDate "2000.04.10"]
[EventType "team-swiss"]
[EventRounds "9"]
[EventCountry "UKR"]
[SourceTitle "EXT 2019"]
[Source "ChessBase"]
[SourceDate "2018.10.10"]
[SourceVersion "1"]
[SourceVersionDate "2018.10.10"]
[SourceQuality "1"]
[WhiteTeam "Donetsk region Momot"]
[BlackTeam "Kryvyi Ferrum Rih"]
[WhiteTeamCountry "UKR"]
[BlackTeamCountry "UKR"]

1. e4 e5 2. Nf3 Nc6 3. d4 exd4 4. Nxd4 Bc5 5. Be3 Qf6 6. c3 Nge7 7. Bc4 O-O 8.
O-O Qg6 9. Nd2 d5 10. Nxc6 Qxc6 11. exd5 Nxd5 12. Bxc5 Qxc5 13. Qh5 Be6 14. Bd3
f5 15. Nf3 Nf4 16. Qh4 Ng6 17. Qd4 Qb6 18. Rfe1 Qxd4 19. Nxd4 Bd7 20. Bc4+ Kh8
21. Rad1 Rae8 22. Be6 Bc8 23. Bxc8 Rxc8 24. Ne6 Rf6 25. Kf1 h6 26. Rd4 Kg8 27.
Nd8 b6 28. a4 a5 29. g3 c6 30. h4 h5 31. f4 b5 32. Nb7 Nf8 33. Re7 Re6 34. Rxe6
Nxe6 35. Rd6 Kf7 36. Nxa5 bxa4 37. Nxc6 Rc7 38. Ke2 Rb7 39. Rd2 g6 40. Kf1 Nc5
41. Nd8+ 1-0

[Event "Lausanne YM"]
[Site "Lausanne"]
[Date "2000.06.01"]
[Round "2.1"]
[White "Ponomariov, Ruslan"]
[Black "Galkin, Alexander"]
[Result "1-0"]
[WhiteElo "2627"]
[BlackElo "2566"]
[Annotator "Lukacs,P"]
[PlyCount "63"]
[EventDate "2000.05.30"]
[EventType "k.o."]
[EventRounds "3"]
[EventCountry "SUI"]
[SourceTitle "CBM 078"]
[Source "ChessBase"]
[SourceDate "2000.10.18"]
[SourceVersion "1"]
[SourceVersionDate "2000.10.18"]
[SourceQuality "1"]

1. e4 c6 2. d4 d5 3. Nc3 dxe4 4. Nxe4 Nd7 5. Ng5 Ngf6 6. Bd3 e6 7. N1f3 Bd6 8.
Qe2 h6 9. Ne4 Nxe4 10. Qxe4 Qc7 11. O-O b6 12. Qg4 {Now Black has to make some
concessions on the >>.} g5 {This weakens the >>, but Black can still castle <<.
} (12... Kf8 {Now Black's main problem is his K and his undeveloped R on h8.
Otherwise he can quickly develop the rest of his pieces.} 13. Re1 (13. b3 {
The B is strong on the long /^ if Black will open it by c6-c5.} Bb7 14. Bb2 Nf6
{White has also problems with his Q in this line.} 15. Qh4 Nd5 (15... Ke7 $5 {
The connection between the rooks is restored, but the K is still in the [+].}
16. Ne5 (16. c4 $2 {founders on} g5 $1 17. Qh3 g4 $19) 16... Rae8 {with the
funny idea of ''castling'' <<.} (16... c5 $6 {opens up the position with his K
in the middle.} 17. Rae1 cxd4 18. Bxd4 Bc5 19. Bb2 {White has to avoid the
exchange of his attacking B.} Rag8 {The K is heading towards <<...} 20. Bc4 Kd8
21. Re2 Rf8 22. Rd1+ Kc8 {and when he arrives} 23. Nxf7 $1 $18 {is coming,
Luther-Evseev, Groningen op 1998.}) 17. f4 Kd8 18. Rad1 (18. a4 $5 {/\ a5})
18... Kc8 {This plan is hard to believe!} 19. c4 c5 20. dxc5 Bxc5+ 21. Kh1 Rd8
22. f5 exf5 23. Bxf5+ Kb8 24. Nd3 Qc6 25. Qg3+ Bd6 26. Be5 Ka8 27. Bxd6 Qxd6
28. Qxd6 Rxd6 29. Ne5 Rhd8 $1 $11 {Bellia-Arlandi, Porto San Giorgo op 1997})
16. Rfe1 Nf4 {Arakhamia-Portisch, Cancan Veterans Women 1998 CBM 67}) (13. Bd2
c5 14. dxc5 Nxc5 15. Bc3 e5 16. Bf5 h5 17. Qh3 Ne6 18. Qh4 Nf4 19. Bxc8 Rxc8 {
1/2:1/2 Lobzhanidze-Galkin, RUS-Cup Krasnodar 1998}) 13... Bb7 (13... c5 {
- Vorobiov-Gutov, Russian Club Cafe 1998 CBM 66}) (13... Nf6 14. Qh4 Bb7 15.
Ne5 c5 16. c3 Ke7 17. Qh3 {>< e6, f7, g6} Rhe8 18. Bf4 Kf8 {The K is more
vulnerable on the >>, than it was before.} 19. Bb5 Red8 20. Bxh6 $1 cxd4 21.
cxd4 $18 {Dervishi-Jakupovic, Wch U20 Yerevan 1999}) 14. Bd2 (14. h4 {securing
the place of the Q and hindering Black's development on the >>.} c5 15. c3 Rd8
16. Bd2 Nf6 17. Qh3 Bxf3 18. Qxf3 cxd4 19. cxd4 Qd7 {Black can blockade the
isolated P on d5.} 20. a4 Be7 21. Bc3 a5 22. Re5 Nd5 $11 {Nevednichy-Cosma,
ROM-ch Bucuresti 1998}) (14. Qh4 $6 Re8 15. Bd2 c5 16. Be4 Bxe4 17. Rxe4 Nf6
18. Re2 c4 $15 {securing the vital >< d5 for the N, Arakhamia-Speelman,
BCF-chT 1997.}) 14... Nf6 (14... c5 $6 {opens up the position too early:} 15.
dxc5 Nxc5 16. Bc3 f6 17. Nh4 $36 {Khalifman}) 15. Qh4 c5 16. Ne5 cxd4 (16...
Rd8 17. Rad1 a5 {fighting for the >< b4.} 18. Bc3 Bxe5 19. dxe5 Nd5 20. Bd2 Qe7
21. Qh3 Nb4 $11 {Yandemirov-Vyzmanavin, RUS-Cup Novgorod 1997}) 17. Qxd4 Rd8
18. Bb4 $5 {- Yandemirov-Kharitonov, 1996 CBM 56 ext}) 13. Qh3 Rg8 14. Nd2 ({
The P on h6 is taboo:} 14. Qxh6 $4 Bf8 15. Qh7 Nf6 16. Qh3 g4 $19) (14. Bh7 $6
{leads nowhere after} {However Black can try to fight for more, for example:}
g4 $5 (14... Rh8 {and the B has to go back.} 15. Bd3 (15. Qxh6 $2 Bf8 16. Qh3
g4 $19) 15... Rg8 $11) 15. Qxh6 Bf8 $5 (15... Rh8 $2 16. Ng5 $18) 16. Qh4 (16.
Bf4 $5 Qd8 $1 (16... Bxh6 17. Bxc7 Rg7 18. Be4 gxf3 19. Bxc6 $16)) 16... Rh8
17. Re1 (17. Ng5 Nf6 $17) 17... Be7 $1 (17... gxf3 $2 18. Rxe6+ $1 $18) (17...
Rxh7 18. Qxh7 gxf3 19. Rxe6+ $1 fxe6 20. Qg6+ Kd8 21. Bg5+ Nf6 22. Bxf6+ Be7
23. Qg8+ Kd7 24. Qf7 Qd6 25. c4 $1 fxg2 26. c5 $1 $18 {P.Blatny}) 18. Rxe6 (18.
Ng5 Nf8 $17) 18... Nf8 $17 (18... fxe6 $4 19. Bg6+)) 14... Bb7 15. a4 $5 $146 {
Since Black wants to castle <<, it looks logical to begin the -> on the a <->.}
(15. Ne4 O-O-O 16. Nxd6+ Qxd6 17. Be3 Nf6 18. a4 a5 19. Qf3 Qe7 20. c3 Nd5 21.
Qe2 Rd7 22. Rfe1 Rgd8 23. Bd2 Qf6 24. Be4 $14 {Kulaots-I.Cosma, Andorra la
Vella 1999}) (15. Nc4 O-O-O 16. c3 {- Topalov-Tukmakov, Tilburg 1994 CBM 44})
15... O-O-O (15... c5 $5 16. dxc5 $1 (16. Qxh6 {is again dubious because of}
cxd4 17. Ne4 Be5 $1 18. Nxg5 (18. Ng3 Nc5 19. Be2 (19. Bxg5 $4 Nxd3 20. cxd3
Rh8) (19. Bb5+ Bc6 20. Bxc6+ Qxc6) 19... a6 $13) 18... Rh8 19. Nh7 Nc5 {
and Black grabbed the |^.}) (16. Ne4 cxd4 17. Nxd6+ (17. Qxh6 Be5 {- 16.Qh6})
17... Qxd6 18. Qxh6 Qe5 $1) (16. c3 cxd4 (16... O-O-O 17. a5) 17. cxd4 {
and White has his well-known problems with his isolated P on d4.} Nf6 18. Bb5+
(18. a5 Qc6 19. f3 (19. Nc4 Bc7) 19... Qd5 20. Ra4 g4 $1 {opening up the long /
^ and the g <-> at once.}) (18. Qxh6 $2 Ke7 $1 $17 {and suddenly the white K
is in danger!}) 18... Bc6 $13) 16... Bxc5 (16... Nxc5 17. Bb5+ $1 {confusing
Black's defensive line.} (17. Be2 O-O-O) 17... Bc6 $5 (17... Ke7 18. Nc4 a6 19.
Nxd6 Qxd6 20. Be2 $14) (17... Nd7 18. Nc4 O-O-O 19. Nxd6+ Qxd6 20. a5 $16 {
opening the a <-> against the black K.}) 18. Nc4 $1 $14 (18. Bxc6+ Qxc6 19.
Qxh6 {is still too greedy:} O-O-O 20. g3 (20. h3 g4) (20. Nf3 g4 21. Nd4 Bxh2+)
20... f5 $44)) (16... bxc5 17. Nc4 $14 {with many weaknesses in Black's camp.})
17. Ne4 $1 (17. Be4 Bxe4 18. Nxe4 {The exchanges help for Black because of his
uncertain K's position.} Be7 19. c3 Qe5 20. Qf3 Rd8 $11) 17... Bd4 (17... O-O-O
18. a5 $36) 18. c3 Be5 (18... Bg7 19. f4) 19. Rd1 O-O-O 20. a5 $14) 16. a5 Nf6
(16... b5 $5 17. c4 $5 (17. Ne4 Bf8 $1 {defending >< h6 and in case attacking
>< d4 by Bg7.} (17... Be7 18. a6 Ba8 19. Re1 Nf6 20. c3 Nd5 21. b4 $14 {
walling up the a8 B completely.}) 18. c4 bxc4 19. Bxc4 Bg7 20. Be3 f5 $13) (17.
a6 Ba8 18. Ne4 Bf8 $13) 17... b4 (17... g4 18. Qh4 $16) (17... bxc4 18. Nxc4
$16) 18. a6 Ba8 19. c5 {killing the B on a8.} (19. Ne4 f5 $1) 19... Bf8 (19...
Bf4 20. Ne4) 20. Nb3 $1 {White has to keep his stronghold on c5.} (20. Nc4 Nf6
21. Be3 Nd5 (21... Bxc5 $2 22. dxc5 Rxd3 23. Nd6+ Kb8 24. Qxh6 $16) 22. Qf3 g4
23. Qe4 h5 $13) 20... g4 (20... Nf6 21. Bd2 Nd5 22. Ra4 Bg7 23. Bc4 $16) 21.
Qe3 Nf6 22. Bd2 Nd5 23. Qe1 Bg7 24. Bxb4 Qb8 25. Ra4 h5 26. Bc4 h4 27. Bc3 Qf4
28. Nd2 Bxd4 29. Bxd5 Rxd5 30. Ne4 $16) (16... g4 17. Qh4 $14) 17. axb6 axb6
18. Nb3 (18. Nc4 {deserves attention as well.} Be7 (18... Bf4 $5 19. Be3 Kb8)
19. Be3 Nd5 (19... Kb8 20. Ra2 Nd5 21. Rfa1) 20. Ra7 $14) 18... g4 $2 {This
only weakens the position even more and the white Q will become more active.} (
18... Nd5 $1 {was the consistant continuation.} 19. c4 Nf4 20. Bxf4 gxf4 $1 {
The opening of the g <-> is more important than temporarily closing the h2-b8 /
^.} (20... Bxf4 21. Ra7 g4 22. Qh5) 21. c5 $1 {White has to close the long /^
immediately.} (21. Be4 Kb8 22. c5 (22. Qxh6 $6 {again works only for Black,
because now already two lines are opened on the >>.} Bf8 $1 {is the correct
reply not giving White a second for relief.} (22... f3 23. g3 $16) (22... Rh8
23. Qf6 Rh5 24. c5 bxc5 25. Nxc5 Bxc5 26. dxc5 f3 (26... Rxc5 27. Rfd1 $1 $16)
27. g3 Rdh8 28. Rfd1 $16) 23. Qh7 (23. Qh5 $2 f5 24. Bf3 Qg7 $1 25. Qh4 Bd6 $36
{>< Q on h4}) 23... Bg7 24. Rfd1 f5 25. Bf3 Qe7 $13) 22... bxc5 23. Nxc5 Bxc5
24. dxc5 Rd2 25. Rfd1 Rxd1+ (25... Rxb2 $2 26. Qc3 Re2 27. Bf3 Qe5 (27... Re5
28. Rdb1 $18)) 26. Rxd1 Rd8) 21... bxc5 22. Nxc5 Bxc5 23. dxc5 Qe5 24. Qf3 Rd4
$1 (24... Qd4 $2 25. Be4 $18) (24... Qxc5 $2 {opens up the c <-> against his
own K.} 25. Rfc1 Qb6 (25... Qd6 26. Ba6 $18) 26. Be4 $18) 25. Rfe1 (25. Ba6 Qd5
$1) 25... Qxc5 26. Be4 f5 27. Qb3 Rg6 28. Rec1 Qd6 29. Bf3 $14 {with a strong
pressure for the P.}) 19. Qh4 Be7 (19... Nd5 20. Bd2 $16) 20. Re1 Nd5 21. Qh5 {
One square is always enough for the Q.} Bf6 $2 (21... Bd6 {regaining the
control over the /^ h2-b8 was still the best option for Black.} 22. c4 Nf4 (
22... Nb4 23. Bb1 g3 24. hxg3 Bxg3 25. fxg3 Qxg3 26. Qe2 c5 27. Be4 $18) 23.
Bxf4 Bxf4 24. g3 Bg5 (24... Bd6 25. c5) 25. c5 $16 {and the B on b7 is
half-dead.}) 22. Bd2 Rd7 (22... Kb8 $6 23. c4 Nf4 24. Bxf4 Qxf4 25. Re4 Qf5 (
25... Qc7 26. c5) 26. Qxf7 $16 {collecting material without beeing punished
for that.}) 23. Ba6 {The sign for the real ->. Exchanging the "bad" B has only
one goal: the direct -> on the <<.} (23. Ra7 Kb8 (23... Nf4 24. Bxf4 Qxf4 25.
Ba6 Rg5 26. Bxb7+ Kb8 27. Ra8+ Kxb7 28. Rea1 $1 $18) 24. Rea1 $16 {is tempting
as well.}) 23... Rg6 (23... Nf4 $2 24. Bxb7+ Kxb7 25. Bxf4 (25. Nc5+ $5 bxc5
26. Qxc5 {is met by the counterattack} Nh3+ $1 27. gxh3 gxh3+ 28. Kh1 Qb6 29.
Qxb6+ Kxb6) 25... Qxf4 26. Ra4 $1 (26. Nc5+ $2 bxc5 27. Qxc5 Qxd4) 26... Rg6 (
26... Rg5 27. Qxh6 Bg7 28. Qh4 $18) 27. Nc5+ $1 (27. Rea1 $4 Rd5) 27... bxc5
28. Qxc5 $18 {with an unstoppable ->.}) 24. Bxb7+ Kxb7 {[#]} (24... Qxb7 $6 25.
Rxe6 Ne7 26. Rxf6 Rxf6 27. Bxh6 $18) 25. Rxe6 $1 $16 Ne7 (25... fxe6 26. Qxg6)
26. Rxf6 $1 Rxf6 27. Qxg4 {after this positional exchange sacrifice Black's
position lacks harmony.} Rd8 28. g3 Re6 $2 {This is the last mistake.} (28...
Qd7 $5 {was the persistant defence, although after} 29. Qe2 Ra8 30. Rxa8 Kxa8
31. Be3 $16 {White is clearly better.}) 29. Qf3 $18 Rf8 30. c4 Nc8 31. d5 Rg6
32. Nd4 1-0

[Event "Biel GM"]
[Site "Biel"]
[Date "2000.??.??"]
[Round "5"]
[White "Ponomariov, Ruslan"]
[Black "Milov, Vadim"]
[Result "1/2-1/2"]
[WhiteElo "2630"]
[BlackElo "2626"]
[Annotator "Milov,V"]
[PlyCount "82"]
[EventDate "2000.07.24"]
[EventType "tourn"]
[EventRounds "10"]
[EventCountry "SUI"]
[EventCategory "16"]
[SourceTitle "CBM 079"]
[Source "ChessBase"]
[SourceDate "2000.11.21"]
[SourceVersion "1"]
[SourceVersionDate "2000.11.21"]
[SourceQuality "1"]

1. e4 c5 2. Nf3 e6 3. d4 cxd4 4. Nxd4 a6 5. Nc3 b5 6. Bd3 Qb6 7. Nf3 Qc7 8. O-O
Nc6 9. Re1 $1 d6 10. a4 (10. Bf4 Ne5) 10... b4 11. Na2 Nf6 12. Bd2 a5 (12... d5
13. exd5 Nxd5 14. Be4 $16) (12... Qb8 13. c3 bxc3 14. Bxc3 $1 Be7 15. b4 O-O
16. b5 $16) 13. c3 bxc3 14. Nxc3 (14. Bxc3 Be7 15. e5 (15. b4 Nxb4 $1) 15...
dxe5 16. Nxe5 Bb7) 14... Be7 15. Nb5 (15. Rc1 Bd7) 15... Qb8 16. Bf4 e5 (16...
O-O 17. Nxd6 Bxd6 18. Bxd6 Qxd6 19. e5 Qe7 20. exf6 Qxf6 21. Bxh7+ $16) 17. Rc1
(17. Bg5 O-O 18. Bc4 Nb4 19. Bxf6 $140 Bxf6 20. Nxd6 $2 (20. Qxd6 $2 Nc2) 20...
Rd8) 17... Bd7 18. Bg5 O-O 19. Bc4 Nb4 20. b3 $14 (20. Bxf6 Bxf6 21. Nxd6 Bxa4
$11) 20... Bxb5 21. axb5 Rd8 22. Qe2 Qb7 23. Bd2 Rd7 $1 {/\Be7-d8-b6} 24. Bxb4
$2 (24. h3 $14 {/\Nh2}) (24. Nh4 Nxe4 $1 25. Qxe4 Qxe4 26. Rxe4 d5 $11) 24...
axb4 25. h3 (25. Nh4 g6 $5) 25... Bd8 26. Nh2 h5 $1 $15 27. Nf3 g6 28. g4 (28.
Rcd1 $5 Bb6 29. Bd5 Nxd5 30. Rxd5 Ra3 $15) 28... hxg4 29. hxg4 Ra3 {/\Qa7,Bb6,
Ra2} 30. g5 Nh5 31. Bd5 Qa7 (31... Qb8 32. Rc6 (32. Nh4 Nf4 33. Qg4 Rc7 34.
Rxc7 Qxc7 $17) 32... Nf4 33. Qc4 Qa7 34. Rf1 $13 Ra2 $140 35. Ra6) 32. Rc8 Nf4
$6 (32... Kg7 33. Bc6 (33. Nh4 Nf4 34. Qg4 Nxd5 35. exd5 Rxb3 36. Ng2 Bb6 37.
Qh4 Rd8 $17) 33... Nf4 34. Qf1 Ra2 (34... Rxb3 35. Ra1 $1) 35. Ra8 Rxf2 36.
Rxa7 Rxf1+ 37. Kxf1 Rxa7 $17) 33. Qe3 Qxe3 34. Rxe3 Nxd5 35. exd5 Kg7 36. Re4
$1 Rxb3 37. Kg2 Bb6 (37... f5 38. gxf6+ Kxf6 39. Rb8 $13 {/\b6}) (37... Rb2 $5
38. Rh4 f6 39. gxf6+ Kxf6 $17) 38. Rb8 Ba7 39. Ra8 (39. Rc8 Rb7 (39... Rc3 40.
Ra8) (39... Rb2 40. Rh4) 40. Rh4 Rb8 41. Rxb8 Bxb8 42. b6 (42. Rc4 Rd3 $17)
42... Rd3 43. Rxb4 Rxd5 44. Kf1 Kf8 $17) 39... Bb6 $2 (39... Rb7 40. Rh4 (40.
b6 Bb8 41. Rc4 Ra3 $17) (40. Rd8 Rxb5) 40... Bb8 41. Nd2 Rd3 $1 (41... Ra3 $2
42. Rxa3 bxa3 43. Ne4) 42. Ne4 (42. Nc4 Rxd5) 42... Rd4 $17) 40. Rb8 Ba7 41.
Ra8 Bb6 $2 1/2-1/2

[Event "Biel GM"]
[Site "Biel"]
[Date "2000.08.04"]
[Round "10"]
[White "Ponomariov, Ruslan"]
[Black "Gallagher, Joseph G"]
[Result "1-0"]
[WhiteElo "2630"]
[BlackElo "2514"]
[Annotator "Ribli,Z"]
[PlyCount "65"]
[EventDate "2000.07.24"]
[EventType "tourn"]
[EventRounds "10"]
[EventCountry "SUI"]
[EventCategory "16"]
[SourceTitle "CBM 079"]
[Source "ChessBase"]
[SourceDate "2000.11.21"]
[SourceVersion "1"]
[SourceVersionDate "2000.11.21"]
[SourceQuality "1"]

1. e4 c5 2. Nf3 e6 3. d4 cxd4 4. Nxd4 a6 5. Nc3 b5 6. Bd3 Bc5 {Eine selten
angewandte Fortsetzung - gewöhnlich spielt man 6...Qb6, doch hinter dem
Textzug steckt dieselbe Idee: Schwarz möchte den Nd4 vertreiben.} 7. Nb3 (7.
Be3 Qb6 8. Qg4 {Eine ganz neue und interessante Idee.} (8. Be2) 8... Bxd4 9. e5
{Was für ein Zug - jetzt hängt das ganze Brett.} Bxe3 10. Qxg7 Bxf2+ 11. Kf1
Bh4 12. g3 Bb7 13. Qxh8 Bxh1 14. Qxg8+ Ke7 15. Qg4 Kd8 16. Qxh4+ Kc7 {1/2-1/2
Gallagher,J-Milov,V/Biel 2000/CBM 79_02 (84)}) 7... Be7 8. Qg4 (8. O-O d6 9.
Qe1 (9. Be3 Nc6 10. f4 Bf6 11. Qf3 Qc7 12. Bxb5 axb5 13. e5 Rb8 14. exf6 Nxf6
15. Qe2 b4 16. Nb5 Qe7 17. Rae1 O-O {0-1 Holzer,G-Braun,W/Austria 1997/EXT 99 
(47)}) 9... Nf6 10. Bd2 O-O 11. a4 b4 12. Na2 a5 13. c3 bxc3 14. Nxc3 Nc6 15.
Nb5 e5 16. Bc4 Bb7 17. f3 d5 18. exd5 Nxd5 19. Bxd5 Qxd5 20. Nxa5 Nxa5 21. Bxa5
Ba6 22. Qe2 Rab8 {1/2-1/2 Mitkov,N-Milov,V/zt 2000 (22)}) 8... g6 (8... Nf6 9.
Qxg7 Rg8 10. Qh6 Nc6 11. Bd2 Ne5 12. f4 Nxd3+ 13. cxd3 b4 14. Ne2 Rxg2 15. Qh3
Rg6 16. f5 exf5 17. exf5 Rg4 18. O-O-O Bb7 19. Rhe1 a5 20. Kb1 a4 21. Nbd4 Qb6
{0-1 Tiviakov,S-Bosboom,M/Hoogeveen 1999/EXT 2000 (44)}) 9. Qe2 {[%mdl 4] Der
Mohr hat seine Schuldigkeit getan, nun kann er gehen. Mit Zug 8.Qg4 hat Weiß
die Schwächung des Königsflügels provoziert, jetzt zieht Weiß ein ruhiges
Positionsspiel auf.} d6 10. O-O b4 $6 {Dieser Zug gefällt mir nicht, denn
Schwarz vertreibt den Springer, obwohl der auf c3 gar nicht besonders gut
steht. Ein weiterer Nachteil dieses Zuges ist, dass er freiwillig den
schwarzen Damenflügel schwächt.} (10... Bb7) 11. Nd1 {[%cal Gd1e3,Ge3c4] Der
Springer strebt nach e3 und später evtl. nach c4.} (11. Nb1) 11... Bb7 12. a3
$1 {Dank des 10. Zuges von Schwarz kann Weiß den Damenflügel sprengen.} Nc6 (
12... bxa3 13. Rxa3 $14) 13. Bd2 (13. axb4 Nxb4 14. Bb5+ $1 Kf8 $14 (14... axb5
15. Qxb5+ Bc6 16. Qxb4 $16)) 13... bxa3 (13... a5 14. Bb5 $16 {[%cal Gb5e8]})
14. Rxa3 $14 {Weiß hat großen Entwicklungsvorteil und starken positionellen
Druck am Damenflügel.} Qc8 {Die Dame steht unglücklich auf c8, aber sie muss
den Pa6 verteidigen.} 15. Ne3 {[%cal Ge3c4,Gc4b6]} (15. f4 $14) 15... Nf6 16.
Nc4 {[%cal Rc4b6,Rb6c8,Rb6a8]} Qc7 (16... Nd7 17. Bg5 $36 {Natürlich kann
Schwarz den Läufer wegen 18.Nxd6+ nicht nehmen.}) 17. Nca5 {[%csl Ga5] Wenn
ein weißer Springer in dieser Variante auf a5 erscheint, bedeutet das, dass
Schwarz ernsthafte Probleme am Damenflügel hat. Anschließend kann Weiß mit dem
Bb7 eine Schlüsselfigur der schwarzen Stellung abtauschen.} Ne5 18. Nxb7 Nxd3
19. cxd3 (19. Nxd6+ $2 Bxd6 20. cxd3 Bxa3 $15) 19... Qxb7 20. Na5 {[%csl Ga5]}
Qd7 (20... Qxb2 21. Rb3 Qa2 (21... Qd4 22. Nc4 {Droht der Damenfang mit 23.Be3.
} Qc5 23. Rb7 $44 {[%csl Gb7,Re8]}) 22. Rb7 $44) 21. Rb3 Rc8 (21... O-O $2 22.
Rb7 Qe8 23. Bh6 $18) 22. Nc4 {[%cal Rc4b6,Rb6d7,Rb6c8]} (22. Rb7 Rc7) 22... Bd8
23. Bh6 $36 {[%csl Re8] Weiß hat spürbar die Initiative und positionellen
Druck. Der schwarze König steht schlecht in der Mitte.} d5 {Dieser Zug ist aus
prinzipiellen Gründen nicht logisch (er öffnet das Zentrum, obwohl der König
in der Mitte steht), doch in dieser konkreten Stellung gab es keine
Alternative mehr für Schwarz.} 24. Nb6 Bxb6 25. Rxb6 $16 {Der Pa6 hängt, es
droht 26.Bg7 und den schwarzen Figuren fehlt die Koordination.} Qa4 26. Qf3 (
26. Bg7 $1 Nd7 27. b3 Qa3 28. Bb2 Qa5 29. Rxe6+ fxe6 30. Bxh8 $16) 26... Nd7 (
26... Qd4 27. Be3 Qe5 28. d4 $18) 27. b3 dxe4 (27... Qa5 28. Rb7 $16) 28. dxe4
Qa5 29. Rb7 {[%mdl 128] Es droht 30.Rxd7 nebst 31. Qxf7+.} Qh5 30. Qf4 {
Weiß muss die Damen auf dem Brett halten. Jetzt droht das Eindringen der Dame
nach d6.} (30. Qxh5 $6 gxh5 31. Ra7 $16) 30... e5 (30... Qe5 31. Qxe5 Nxe5 32.
Bg7 $18 {[%cal Rg7h8,Rg7e5]}) 31. Qd2 $18 {Der schwarze König befindet sich im
Mattnetz. Gegen die vielseitigen Drohungen gibt es keine Verteidigung.} Nc5 (
31... Rd8 32. Rd1 Qg4 33. Qc2 Qe6 34. Rbxd7 Rxd7 35. Qc8+ Ke7 36. Bg5+ f6 37.
Rxd7+ Qxd7 38. Bxf6+ $18) 32. Ra7 g5 33. Qd6 {[%csl Re8][%cal Rd6e7]} 1-0